[Event "Titled Tuesday intern op 25th Jan"]
[Site "Chess.com INT"]
[Date "2022.01.25"]
[Round "7"]
[White "Osmonbekov, Talaibek D"]
[Black "Gerola, Fausto"]
[Result "0-1"]
[WhiteElo "2136"]
[BlackElo "2141"]
[PlyCount "58"]
[EventDate "2022.01.25"]
[EventType "swiss (blitz)"]
[EventRounds "11"]
[EventCountry "USA"]
[SourceTitle "CBM 206 Extra"]
[Source "ChessBase"]
[SourceDate "2022.03.31"]
[SourceVersion "1"]
[SourceVersionDate "2022.03.31"]
[SourceQuality "1"]

1. d4 f5 2. Nc3 Nf6 3. e4 d6 4. Bg5 fxe4 5. Bxf6 exf6 6. Nxe4 d5 7. Ng3 Bd6 8. Qh5+ g6 9. Qh6 Qe7+ 10. Kd2 Be6 11. Re1 Nc6 12. Qe3 Kf7 13. h4 Rhe8 14. h5 g5 15. Qd3 Bf4+ 16. Kd1 Kg8 17. c3 Qd6 18. Nf5 Qd7 19. Ne3 a5 20. g3 Bd6 21. Bh3 Bxh3 22. Nxh3 Ne7 23. f4 h6 24. Nf2 a4 25. a3 c5 26. Nfg4 Kg7 27. Nxh6 Kxh6 28. fxg5+ fxg5 29. Nxd5 Qf5 0-1

[Event "Titled Tuesday intern op 11th Jan"]
[Site "Chess.com INT"]
[Date "2022.01.11"]
[Round "6"]
[White "Fernandez Hernandez, Gerardo"]
[Black "Gerola, Fausto"]
[Result "1/2-1/2"]
[WhiteElo "2169"]
[BlackElo "2141"]
[PlyCount "110"]
[EventDate "2022.01.11"]
[EventType "swiss (blitz)"]
[EventRounds "11"]
[EventCountry "USA"]
[SourceTitle "CBM 206 Extra"]
[Source "ChessBase"]
[SourceDate "2022.03.31"]
[SourceVersion "1"]
[SourceVersionDate "2022.03.31"]
[SourceQuality "1"]

1. e4 e5 2. Nf3 Nc6 3. Bc4 Nf6 4. Ng5 Bc5 5. Bxf7+ Ke7 6. Bd5 Rf8 7. 0-0 h6 8. Nf3 d6 9. c3 Bg4 10. Bxc6 bxc6 11. d4 exd4 12. cxd4 Bb6 13. e5 Nd5 14. exd6+ Kxd6 15. Nc3 Nxc3 16. bxc3 Qf6 17. Ba3+ Kd7 18. Bxf8 Rxf8 19. Ne5+ Qxe5 20. Qxg4+ Qe6 21. Qxe6+ Kxe6 22. Rfe1+ Kd5 23. Rac1 Kc4 24. Re7 g5 25. Re6 c5 26. Rxh6 Kd3 27. Rh3+ Kd2 28. Rf1 cxd4 29. cxd4 Bxd4 30. Rg3 Rf5 31. Rf3 Rxf3 32. gxf3 c5 33. f4 gxf4 34. Kg2 c4 35. Kf3 c3 36. Ke4 Bg7 37. Kxf4 c2 38. Ke4 a5 39. Kd5 a4 40. Kc4 a3 41. Kb3 Bb2 42. f4 c1Q 43. Rxc1 Kxc1 44. f5 Kd2 45. f6 Bxf6 46. Kxa3 Ke3 47. Kb4 Kf3 48. a4 Bd4 49. Kc4 Ba7 50. Kb5 Kg4 51. a5 Kh3 52. Kc6 Kxh2 53. Kb7 Bd4 54. a6 Be3 55. a7 Bxa7 1/2-1/2

[Event "Titled Tuesday intern op 11th Jan"]
[Site "Chess.com INT"]
[Date "2022.01.11"]
[Round "3"]
[White "Moreira, Ronaldo Alonso"]
[Black "Gerola, Fausto"]
[Result "0-1"]
[WhiteElo "2088"]
[BlackElo "2141"]
[PlyCount "40"]
[EventDate "2022.01.11"]
[EventType "swiss (blitz)"]
[EventRounds "11"]
[EventCountry "USA"]
[SourceTitle "CBM 206 Extra"]
[Source "ChessBase"]
[SourceDate "2022.03.31"]
[SourceVersion "1"]
[SourceVersionDate "2022.03.31"]
[SourceQuality "1"]

1. d4 f5 2. g3 Nf6 3. Bg2 g6 4. b3 Bg7 5. Bb2 0-0 6. Nf3 d5 7. 0-0 c6 8. c4 Nbd7 9. Nc3 dxc4 10. bxc4 Qc7 11. Qd3 e5 12. dxe5 Ng4 13. Qd6 Qb6 14. Na4 Qa5 15. e6 Ndf6 16. e7 Re8 17. h3 Qxa4 18. hxg4 Ne4 19. Qd8 Be6 20. Rfd1 Bxb2 0-1

[Event "Titled Tuesday intern op 11th Jan"]
[Site "Chess.com INT"]
[Date "2022.01.11"]
[Round "4"]
[White "Padmini, Rout"]
[Black "Gerola, Fausto"]
[Result "1-0"]
[WhiteElo "2345"]
[BlackElo "2141"]
[PlyCount "59"]
[EventDate "2022.01.11"]
[EventType "swiss (blitz)"]
[EventRounds "11"]
[EventCountry "USA"]
[SourceTitle "CBM 206 Extra"]
[Source "ChessBase"]
[SourceDate "2022.03.31"]
[SourceVersion "1"]
[SourceVersionDate "2022.03.31"]
[SourceQuality "1"]

1. e4 e5 2. Nf3 Nc6 3. Bb5 a6 4. Ba4 Nf6 5. 0-0 Nxe4 6. d4 b5 7. Bb3 d5 8. dxe5 Be6 9. c3 Be7 10. Qe2 0-0 11. Rd1 Nc5 12. Bc2 Qc8 13. Nbd2 Bf5 14. Nb3 Bxc2 15. Qxc2 Qe6 16. Nfd4 Nxd4 17. cxd4 Nxb3 18. axb3 Rac8 19. Be3 h6 20. f4 Bb4 21. f5 Qb6 22. f6 g5 23. Qf5 Qe6 24. Qxe6 fxe6 25. Rxa6 Kf7 26. Rc1 c5 27. Ra7+ Kg6 28. g4 h5 29. Rg7+ Kh6 30. Bxg5# 1-0

[Event "Titled Tuesday intern op 04th Jan"]
[Site "Chess.com INT"]
[Date "2022.01.04"]
[Round "2"]
[White "Gerola, Fausto"]
[Black "Lehtosaari, Mauri"]
[Result "0-1"]
[WhiteElo "2141"]
[BlackElo "2199"]
[PlyCount "112"]
[EventDate "2022.01.04"]
[EventType "swiss (blitz)"]
[EventRounds "11"]
[EventCountry "USA"]
[SourceTitle "EXT 2023"]
[Source "ChessBase"]
[SourceDate "2022.10.05"]
[SourceVersion "1"]
[SourceVersionDate "2022.10.05"]
[SourceQuality "1"]

1. e4 c5 2. Nf3 e6 3. d4 cxd4 4. Nxd4 Qb6 5. Nc3 Bc5 6. Be3 Nc6 7. Na4 Qa5+ 8. c3 Bxd4 9. Bxd4 Nxd4 10. Qxd4 e5 11. Qb4 Qxb4 12. cxb4 Nf6 13. f3 Ke7 14. 0-0-0 d6 15. Nc3 Be6 16. Kb1 Rac8 17. g4 h6 18. h4 Bc4 19. Bxc4 Rxc4 20. g5 Nh5 21. Nd5+ Ke6 22. Rc1 Rhc8 23. Rxc4 Rxc4 24. b3 Rc6 25. gxh6 gxh6 26. Rg1 Nf4 27. Nxf4+ exf4 28. Kb2 d5 29. exd5+ Kxd5 30. Rg7 Rf6 31. Kc3 Ke5 32. Rg8 Rc6+ 33. Kd3 Rd6+ 34. Kc3 Rd1 35. Rb8 Rf1 36. Rxb7 Rxf3+ 37. Kd2 Rf2+ 38. Ke1 Rxa2 39. Rxf7 Ke4 40. Rf6 Ke3 41. Re6+ Kf3 42. Rxh6 Ra1+ 43. Kd2 Kf2 44. Rf6 f3 45. h5 Rh1 46. h6 Kg2 47. Ke3 Re1+ 48. Kd2 Rh1 49. h7 Rxh7 50. Rg6+ Kf1 51. Ke3 f2 52. Kd2 Rd7+ 53. Kc3 Rd5 54. Kc4 Rf5 55. b5 Ke2 56. Re6+ Kf3 0-1

[Event "Titled Tuesday intern op 04th May"]
[Site "Chess.com INT"]
[Date "2021.05.04"]
[Round "4"]
[White "Gerola, Fausto"]
[Black "Manukyan, Sargis A"]
[Result "0-1"]
[WhiteElo "2141"]
[BlackElo "2244"]
[PlyCount "140"]
[EventDate "2021.05.04"]
[EventType "swiss (blitz)"]
[EventRounds "11"]
[EventCountry "USA"]
[SourceTitle "CBM 202 Extra"]
[Source "ChessBase"]
[SourceDate "2021.07.31"]
[SourceVersion "1"]
[SourceVersionDate "2021.07.31"]
[SourceQuality "1"]

1. e4 c5 2. Nf3 d6 3. d4 cxd4 4. Nxd4 Nf6 5. Nc3 g6 6. Bg5 Bg7 7. Qd2 0-0 8. 0-0-0 Nc6 9. Nxc6 bxc6 10. Bh6 Rb8 11. Bxg7 Kxg7 12. Bc4 Qa5 13. Bb3 Be6 14. Kb1 Qb6 15. f4 a5 16. Na4 Qb4 17. Qxb4 Rxb4 18. e5 Nh5 19. exd6 exd6 20. g3 Bxb3 21. axb3 d5 22. Rhe1 Nf6 23. Nc5 h5 24. Nd3 Rbb8 25. Ne5 Rfc8 26. Rd4 Ne4 27. Ra4 Rb5 28. Ka2 Nc5 29. Ra3 f6 30. Nf3 Kf7 31. Nd4 Rb4 32. c3 Nd3 33. cxb4 Nxe1 34. bxa5 c5 35. Nb5 d4 36. Nd6+ Ke6 37. Nxc8 d3 38. a6 d2 39. a7 d1Q 40. a8Q Nc2 41. Ra6+ Kf5 42. Ne7+ Kg4 43. Qc8+ f5 44. b4 Nxb4+ 45. Ka3 Qd3+ 46. Ka4 Nxa6 47. Ka5 Nb4 48. Qxc5 Nc2 49. b4 Nd4 50. Kb6 Ne6 51. Qc6 Qd4+ 52. Ka6 Qf6 53. Nd5 Qa1+ 54. Kb7 Nd8+ 55. Kc7 Nxc6 56. Kxc6 Qc1+ 57. Kd6 h4 58. b5 hxg3 59. hxg3 Qa3+ 60. Kc6 Kxg3 61. b6 Qc1+ 62. Kd7 Qd2 63. Kc6 Qc2+ 64. Kd6 Qb3 65. Kc6 Qc4+ 66. Kd6 Qb5 67. Ke6 g5 68. fxg5 f4 69. g6 Qc6+ 70. Ke5 Qxg6 0-1

[Event "Bergamo op 17th"]
[Site "Bergamo"]
[Date "2018.07.15"]
[Round "5"]
[White "Gerola, Fausto"]
[Black "Moroni, Luca Jr"]
[Result "0-1"]
[WhiteElo "2153"]
[BlackElo "2546"]
[PlyCount "126"]
[EventDate "2018.07.13"]
[EventType "swiss"]
[EventRounds "9"]
[EventCountry "ITA"]
[SourceTitle "EXT 2019"]
[Source "ChessBase"]
[SourceDate "2018.10.10"]
[SourceVersion "1"]
[SourceVersionDate "2018.10.10"]
[SourceQuality "1"]

1. e4 e5 2. Nf3 Nc6 3. Bc4 Bc5 4. c3 Nf6 5. d4 exd4 6. cxd4 Bb4+ 7. Bd2 Nxe4 8. Bxb4 Nxb4 9. Bxf7+ Kxf7 10. Qb3+ Kf8 11. Qxb4+ Qe7 12. Qxe7+ Kxe7 13. Nc3 Nxc3 14. bxc3 d6 15. 0-0 Bf5 16. Rfe1+ Kd7 17. Nh4 Be6 18. g3 a5 19. a3 Rhe8 20. Ng2 Bf5 21. Ne3 Bg6 22. Ra2 Be4 23. Rb2 Bf3 24. h3 Re7 25. Rc1 Re4 26. Kh2 b6 27. Rd2 h5 28. c4 Rb8 29. h4 Re6 30. Rc3 Be4 31. Ng2 g6 32. Nf4 Ree8 33. f3 Bf5 34. Nd5 Re1 35. g4 Be6 36. Nf4 hxg4 37. Nxe6 g3+ 38. Kxg3 Rxe6 39. d5 Re1 40. Rd4 Rf8 41. Re4 Re8 42. Rxe8 Kxe8 43. Kf4 Kf7 44. Kg5 Kg7 45. Kf4 Kf7 46. Kg5 a4 47. Kf4 Kf6 48. Re3 Rc1 49. Re6+ Kf7 50. Kg5 Rg1+ 51. Kf4 Ra1 52. Kg5 Rg1+ 53. Kf4 Rg2 54. h5 gxh5 55. Rh6 Rc2 56. Rh7+ Kf6 57. Rxc7 b5 58. Rd7 Rxc4+ 59. Ke3 Ke5 60. Rh7 Rc3+ 61. Kd2 Rxf3 62. Rxh5+ Kd4 63. Rh4+ Kc5 0-1

[Event "Kaltern Trophy-A 2nd"]
[Site "Kaltern"]
[Date "2017.10.27"]
[Round "1"]
[White "Gerola, Fausto"]
[Black "Niederstatter, Harald"]
[Result "1/2-1/2"]
[WhiteElo "2181"]
[BlackElo "2005"]
[PlyCount "92"]
[EventDate "2017.10.27"]
[EventType "swiss"]
[EventRounds "5"]
[EventCountry "ITA"]
[SourceTitle "CBM 181 Extra"]
[Source "ChessBase"]
[SourceDate "2017.12.12"]
[SourceVersion "1"]
[SourceVersionDate "2017.12.12"]
[SourceQuality "1"]

1. e4 d6 2. d4 Nf6 3. Nc3 e5 4. Nf3 Nbd7 5. Bc4 Be7 6. Bg5 0-0 7. 0-0 c6 8. a4 Qc7 9. h3 Re8 10. Re1 a5 11. Qd2 Nf8 12. d5 Ng6 13. Rad1 Rd8 14. Nh4 Nxh4 15. Bxh4 Nh5 16. Bxe7 Qxe7 17. Ne2 Qh4 18. Qe3 c5 19. g4 Nf4 20. Nxf4 exf4 21. Qxf4 Qxh3 22. Be2 Qh4 23. Kg2 Qe7 24. Rh1 Re8 25. f3 Qe5 26. Qxe5 Rxe5 27. Bb5 Re7 28. Kg3 f6 29. Rhe1 g5 30. Rh1 Bd7 31. Bxd7 Rxd7 32. Rd3 b6 33. Rb3 Rb8 34. c4 Kg7 35. Re3 Rh8 36. f4 Re7 37. fxg5 fxg5 38. Rf1 Rf8 39. Rxf8 Kxf8 40. Kf3 Rf7+ 41. Kg3 Re7 42. Kf3 Rf7+ 43. Kg3 Re7 44. Re2 Ke8 45. Kf3 Rf7+ 46. Kg3 Re7 1/2-1/2

[Event "Trieste op 18th"]
[Site "Trieste"]
[Date "2016.09.10"]
[Round "9"]
[White "Shevchenko, Kirill"]
[Black "Gerola, Fausto"]
[Result "1-0"]
[WhiteElo "2438"]
[BlackElo "2136"]
[PlyCount "91"]
[EventDate "2016.09.03"]
[EventType "swiss"]
[EventRounds "9"]
[EventCountry "ITA"]
[SourceTitle "CBM 174 Extra"]
[Source "ChessBase"]
[SourceDate "2016.10.10"]
[SourceVersion "1"]
[SourceVersionDate "2016.10.10"]
[SourceQuality "1"]

1. e4 e5 2. Nf3 Nc6 3. Bb5 a6 4. Ba4 Nf6 5. 0-0 Nxe4 6. d4 b5 7. Bb3 d5 8. dxe5 Be6 9. Qe2 Be7 10. Rd1 Na5 11. c3 Nxb3 12. axb3 Qc8 13. Nd4 0-0 14. f3 Nc5 15. b4 Nb7 16. Nc6 Qd7 17. Nxe7+ Qxe7 18. Be3 c5 19. bxc5 Nxc5 20. Nd2 Rfc8 21. Bd4 Qc7 22. Qe3 Na4 23. Ra2 Qc6 24. Rda1 h6 25. g4 h5 26. h3 hxg4 27. hxg4 Rc7 28. Kf2 Bc8 29. Qg5 Bb7 30. Rh1 Qg6 31. Qxg6 fxg6 32. Ke3 Kf7 33. f4 Bc8 34. Rh8 Bb7 35. Rxa8 Bxa8 36. Nf3 Bb7 37. Ng5+ Ke7 38. f5 gxf5 39. gxf5 Bc8 40. f6+ gxf6 41. exf6+ Ke8 42. b3 Nc5 43. Bxc5 Rxc5 44. Kd4 Rc6 45. f7+ Kf8 46. Rh2 1-0

[Event "Biella op 3rd"]
[Site "Biella"]
[Date "2012.09.30"]
[Round "5"]
[White "Gerola, Fausto"]
[Black "Ceschia, Ivano"]
[Result "0-1"]
[WhiteElo "2203"]
[BlackElo "2319"]
[PlyCount "92"]
[EventDate "2012.09.28"]
[EventType "swiss"]
[EventRounds "9"]
[EventCountry "ITA"]
[SourceTitle "EXT 2013"]
[Source "ChessBase"]
[SourceDate "2012.11.22"]
[SourceVersion "1"]
[SourceVersionDate "2012.11.22"]
[SourceQuality "1"]

1. e4 c5 2. Nf3 Nc6 3. d4 cxd4 4. Nxd4 Qb6 5. Nb3 Nf6 6. Nc3 e6 7. Be3 Qc7 8. a3 a6 9. f4 d5 10. exd5 exd5 11. Nxd5 Nxd5 12. Qxd5 Be6 13. Qe4 0-0-0 14. Bd3 Bd5 15. Qf5+ Kb8 16. Nd2 Qe7 17. Kf2 Qxe3+ 18. Kxe3 Bc5+ 19. Ke2 Nd4+ 20. Kf1 Nxf5 21. Bxf5 Be3 22. Rd1 Bxf4 23. Bd3 h5 24. h4 f6 25. Kf2 Be5 26. b3 Bd4+ 27. Kg3 g5 28. Nf3 Bc5 29. b4 Bd6+ 30. Kf2 g4 31. Nd4 g3+ 32. Kf1 Be5 33. Nf3 Bb2 34. a4 Bc3 35. b5 axb5 36. axb5 Kc7 37. Rh3 Rhg8 38. Be2 Be6 39. Rxd8 Kxd8 40. Rh1 Kc7 41. Bd3 Re8 42. Ng1 Ra8 43. Ke2 Bg4+ 44. Nf3 Re8+ 45. Kf1 Re3 46. Be2 Bxf3 0-1

[Event "Biella op 3rd"]
[Site "Biella"]
[Date "2012.09.29"]
[Round "3"]
[White "Gerola, Fausto"]
[Black "Arnaudov, Petar G"]
[Result "0-1"]
[WhiteElo "2203"]
[BlackElo "2473"]
[PlyCount "114"]
[EventDate "2012.09.28"]
[EventType "swiss"]
[EventRounds "9"]
[EventCountry "ITA"]
[SourceTitle "EXT 2013"]
[Source "ChessBase"]
[SourceDate "2012.11.22"]
[SourceVersion "1"]
[SourceVersionDate "2012.11.22"]
[SourceQuality "1"]

1. e4 e5 2. Nf3 Nc6 3. Bc4 Bc5 4. c3 Nf6 5. d4 exd4 6. cxd4 Bb4+ 7. Bd2 Bxd2+ 8. Nbxd2 d5 9. exd5 Nxd5 10. 0-0 0-0 11. Bb5 Nde7 12. Nb3 Qd5 13. Be2 b6 14. Rc1 Bb7 15. Bc4 Qd6 16. Qd2 Nb4 17. a3 Bxf3 18. Qxb4 Qg6 19. g3 Nd5 20. Qd2 a5 21. Rfe1 Nf6 22. Qf4 Bd5 23. Bxd5 Nxd5 24. Qf3 Rad8 25. Re5 Qd6 26. Nd2 Ne7 27. Nc4 Qd7 28. Ne3 f6 29. Re4 Rf7 30. h4 Rdf8 31. Ng2 Nf5 32. Rd1 Rd8 33. g4 Ne7 34. Ne3 Rdf8 35. Nf5 Nxf5 36. gxf5 Qb5 37. Rd2 Rd7 38. Rde2 Qd5 39. Kg2 h6 40. h5 Qa8 41. Re7 Qd8 42. Rxd7 Qxd7 43. Qe4 Rd8 44. Rd2 Qd5 45. Kf3 Qb5 46. d5 Qf1 47. Kg3 Qg1+ 48. Kh3 Qg5 49. Rd4 Qxh5+ 50. Kg3 Re8 51. Qf3 Qg5+ 52. Rg4 Qd2 53. Re4 Rd8 54. Re7 Rxd5 55. Re8+ Kh7 56. Kh2 Rd3 57. Qg2 Qf4+ 0-1

[Event "Pula op 24th"]
[Site "Pula"]
[Date "2010.06.25"]
[Round "8"]
[White "Fodor, Tamas Jr"]
[Black "Gerola, Fausto"]
[Result "1-0"]
[WhiteElo "2420"]
[BlackElo "2189"]
[PlyCount "93"]
[EventDate "2010.06.19"]
[EventType "swiss"]
[EventRounds "9"]
[EventCountry "CRO"]
[SourceTitle "CBM 137 Extra"]
[Source "ChessBase"]
[SourceDate "2010.09.01"]
[SourceVersion "1"]
[SourceVersionDate "2010.09.01"]
[SourceQuality "1"]

1. Nf3 d5 2. g3 Nf6 3. Bg2 g6 4. c4 c6 5. b3 Bg7 6. Bb2 dxc4 7. bxc4 0-0 8. 0-0 Bg4 9. d3 Qc8 10. Re1 Na6 11. Nbd2 Rd8 12. Rb1 Nc7 13. Qb3 Rb8 14. Qa3 Re8 15. Bxf6 Bxf6 16. Qxa7 b5 17. cxb5 Nxb5 18. Qc5 Ra8 19. Nc4 Rxa2 20. Nce5 Be6 21. Nxc6 Nd6 22. Nfd4 Bd7 23. Qd5 Bxc6 24. Nxc6 Rc2 25. d4 Qc7 26. e3 e6 27. Qf3 Bg7 28. Red1 Rc8 29. Nb4 Rc4 30. Bf1 Rc3 31. Bh3 Re8 32. Nd3 Rb8 33. Rbc1 Rxc1 34. Rxc1 Qe7 35. Qe2 h5 36. Qa2 Kh7 37. Qa6 Ne4 38. Bg2 Nd6 39. h3 Nf5 40. Qa5 Qd6 41. Qa7 Nxg3 42. Nf4 g5 43. fxg3 gxf4 44. Qxf7 fxg3 45. Be4+ Kh8 46. Qxh5+ Kg8 47. Rf1 1-0

[Event "Venice Autumn op 15th"]
[Site "Venice"]
[Date "2009.10.31"]
[Round "3"]
[White "Gerola, Fausto"]
[Black "Gastiaburo, Hernan"]
[Result "1/2-1/2"]
[WhiteElo "2174"]
[BlackElo "2251"]
[PlyCount "130"]
[EventDate "2009.10.30"]
[EventType "swiss"]
[EventRounds "5"]
[EventCountry "ITA"]
[SourceTitle "EXT 2012"]
[Source "ChessBase"]
[SourceDate "2011.11.24"]
[SourceVersion "1"]
[SourceVersionDate "2011.11.24"]
[SourceQuality "1"]

1. e4 c5 2. Nf3 e6 3. d4 cxd4 4. Nxd4 Nf6 5. Bd3 d6 6. 0-0 Be7 7. c4 0-0 8. Nc3 a6 9. h3 b6 10. f4 Bb7 11. Be3 Re8 12. Rc1 Nbd7 13. b4 Rc8 14. a3 Bf8 15. Nf3 g6 16. Qe2 Rb8 17. Qf2 Ba8 18. Rcd1 Qc7 19. Bd4 Nh5 20. Nh2 e5 21. fxe5 Nxe5 22. Be2 Ng7 23. Bxe5 dxe5 24. Ng4 Nh5 25. g3 Bg7 26. Ne3 Nf6 27. Ned5 Bxd5 28. Nxd5 Nxd5 29. cxd5 Rf8 30. Rc1 Qd7 31. Kg2 f5 32. Qe3 f4 33. Qd3 Bh6 34. Rc6 fxg3 35. Qxg3 Bf4 36. Qg4 Qg7 37. Bxa6 Qa7 38. b5 Kg7 39. Rf3 Rf7 40. Rfc3 Qe7 41. d6 Qf8 42. d7 Rd8 43. Bc8 Rf6 44. h4 h5 45. Qd1 Qe7 46. Qe1 Rd6 47. Rxd6 Qxd6 48. Rf3 Qe6 49. Qf2 Qg4+ 50. Kf1 Kh6 51. a4 Qe6 52. Kg2 Qg4+ 53. Kf1 Qe6 54. Kg2 Rxc8 55. dxc8Q Qxc8 56. Rxf4 exf4 57. Qxf4+ Kg7 58. Kf3 Qc3+ 59. Qe3 Qf6+ 60. Kg3 Qe5+ 61. Kg2 Kh7 62. Kf3 Qf6+ 63. Kg3 Qe5+ 64. Kf3 Qf6+ 65. Qf4 Qc3+ 1/2-1/2

[Event "Bergamo op"]
[Site "Bergamo"]
[Date "2009.03.15"]
[Round "5"]
[White "Gerola, Fausto"]
[Black "Bozzali, Ermanno"]
[Result "1-0"]
[WhiteElo "2206"]
[BlackElo "2140"]
[PlyCount "145"]
[EventDate "2009.03.13"]
[EventType "swiss"]
[EventRounds "5"]
[EventCountry "ITA"]
[SourceTitle "CBM 129 Extra"]
[Source "ChessBase"]
[SourceDate "2009.05.05"]
[SourceVersion "2"]
[SourceVersionDate "2009.05.20"]
[SourceQuality "1"]

1. e4 c5 2. Nf3 d6 3. d4 cxd4 4. Nxd4 Nf6 5. Nc3 a6 6. a4 e5 7. Nf3 h6 8. h3 Qc7 9. Be3 Be6 10. Be2 Nbd7 11. 0-0 Nb6 12. Nd2 d5 13. Bxb6 Qxb6 14. exd5 Nxd5 15. Nc4 Qd4 16. Qxd4 exd4 17. Nxd5 Bxd5 18. Nb6 Rd8 19. Nxd5 Rxd5 20. Bf3 Rd7 21. Bg4 Rd8 22. Bf3 Rd7 23. Bg4 Rd6 24. Bc8 Rb6 25. b3 Kd8 26. Bf5 Bb4 27. Rad1 Rd6 28. f4 Re8 29. Bd3 Kc7 30. Rf2 Rf6 31. g3 Rfe6 32. Kg2 Be1 33. Rf3 Bc3 34. g4 Kc6 35. Rdf1 b5 36. axb5+ axb5 37. f5 Re5 38. R3f2 Be1 39. Rf3 Ra8 40. Rf4 Kc5 41. Re4 Rxe4 42. Bxe4 Ra1 43. f6 g5 44. Bg6 Bc3 45. Rf5+ Kb4 46. Bxf7 d3 47. cxd3 Ra6 48. Be8 Bxf6 49. Bxb5 Rb6 50. Bc4 Kc3 51. Kf3 Bd4 52. Ke4 Rf6 53. Kd5 Rb6 54. Rf1 Be3 55. Rf7 Bf4 56. Re7 Rd6+ 57. Ke4 Rd4+ 58. Kf5 Bc1 59. Re6 Rf4+ 60. Ke5 h5 61. gxh5 Rh4 62. Rc6 Bf4+ 63. Kf6 Kd4 64. Kg6 Rxh3 65. Be6 Rh2 66. Bg4 Rh4 67. Kf5 Bd2 68. b4 Kxd3 69. b5 Rh1 70. h6 Bc3 71. b6 Rb1 72. Rxc3+ Kxc3 73. h7 1-0

[Event "Lodi op"]
[Site "Lodi"]
[Date "2008.06.15"]
[Round "5"]
[White "Pienabarca, Nicola"]
[Black "Gerola, Fausto"]
[Result "1/2-1/2"]
[WhiteElo "2081"]
[BlackElo "2193"]
[PlyCount "41"]
[EventDate "2008.06.13"]
[EventType "swiss"]
[EventRounds "5"]
[EventCountry "ITA"]
[SourceTitle "CBM 124 Extra"]
[Source "ChessBase"]
[SourceDate "2008.07.03"]
[SourceVersion "1"]
[SourceVersionDate "2008.07.03"]
[SourceQuality "1"]

1. d4 d5 2. Nf3 Nf6 3. c4 c6 4. b3 Bf5 5. g3 h6 6. Bg2 e6 7. 0-0 Nbd7 8. Bb2 Be7 9. Nc3 0-0 10. Ne5 Nxe5 11. dxe5 Nd7 12. e4 dxe4 13. Nxe4 Qc7 14. Nd6 Bh7 15. Qd2 Rad8 16. Rad1 b6 17. Bh3 Nc5 18. Qe3 Nb7 19. Ne4 Rxd1 20. Rxd1 Rd8 21. Rxd8+ 1/2-1/2

[Event "Lodi op"]
[Site "Lodi"]
[Date "2008.06.14"]
[Round "2"]
[White "Gerola, Fausto"]
[Black "Hera, Imre Jr"]
[Result "0-1"]
[WhiteElo "2193"]
[BlackElo "2524"]
[PlyCount "90"]
[EventDate "2008.06.13"]
[EventType "swiss"]
[EventRounds "5"]
[EventCountry "ITA"]
[SourceTitle "CBM 124 Extra"]
[Source "ChessBase"]
[SourceDate "2008.07.03"]
[SourceVersion "1"]
[SourceVersionDate "2008.07.03"]
[SourceQuality "1"]

1. e4 c6 2. d4 d5 3. Nc3 dxe4 4. Nxe4 Bf5 5. Ng3 Bg6 6. Nf3 Nd7 7. h4 h6 8. h5 Bh7 9. Bd3 Bxd3 10. Qxd3 e6 11. Bd2 Ngf6 12. 0-0-0 Qc7 13. c4 0-0-0 14. Qc2 Ng4 15. Bc3 Bd6 16. Nf1 Rhe8 17. Kb1 f5 18. Nh4 Nf8 19. Ne3 Qf7 20. Nf3 Nd7 21. Nxg4 fxg4 22. Ne5 Nxe5 23. dxe5 Bc5 24. Rdf1 Qf4 25. Qg6 Re7 26. f3 gxf3 27. Rxf3 Qxc4 28. b3 Qe2 29. Re1 Rd1+ 30. Rxd1 Qxd1+ 31. Kb2 Bd4 32. Qc2 Bxc3+ 33. Qxc3 Qd5 34. Rf8+ Kc7 35. g3 Rd7 36. a4 b6 37. Ra8 Kb7 38. Re8 Qg2+ 39. Ka3 Rd2 40. Re7+ Kb8 41. Re8+ Kc7 42. Re7+ Kd8 43. Rxa7 c5 44. Qa1 Qe4 45. Qc3 Rc2 0-1